| 000 | 00433nam a22001697a 4500 | ||
|---|---|---|---|
| 003 | OSt | ||
| 005 | 20140311130134.0 | ||
| 008 | 130122t xxu||||| |||| 00| 0 eng d | ||
| 020 | _a0451627954 | ||
| 050 |
_aPR 1586 _b.R136 1963 |
||
| 082 |
_aM 829.3 _bB45 1963 |
||
| 245 |
_aBeowulf _cRaffel, Burton |
||
| 260 |
_aNew York : _bPenguin Putnam Inc., _cc1963. |
||
| 300 |
_a159 p. ; _c18 cm. |
||
| 942 |
_2lcc _cBK _kM |
||
| 999 |
_c35448 _d35448 |
||